000 00740nam a2200193Ii 4500
003 JO-AjNU
008 230605s9999||||xx |||||||||||||| ||und||
040 _aJO-AjNU
_bara
_erda
_cJO-AjNU
041 _aara
050 1 4 _aDS38.6.M55
100 3 _aظهير الدين الروذراورى، ابي شجاع محمد بن الحسين؛ تصحيح ه.ف آمدرور,
_eauthor
_959002
245 0 0 _aذيل كتاب تجارب الأمم: تاريخ هلال الصابي، ج3
264 3 1 _aالقاهرة: دار الكتاب الاسلامي
300 _aج3: 460ص
336 _atext
_btxt
_2rdacontent
337 _aunmediated
_bn
_2rdamedia
338 _avolume
_bnc
_2rdacarrier
650 4 _aالتاريخ الاسلامي
_959003
999 _aA26529
_c30097
_d30097